| 000 | 01029nam a22003017a 4500 | ||
|---|---|---|---|
| 001 | 7643 | ||
| 003 | FISKH | ||
| 005 | 20250729113354.0 | ||
| 008 | 250729b cb ||||| |||| 00| 0 eng d | ||
| 020 | _a0590427202 | ||
| 040 |
_aFISKH _beng _cFISKH _dFISKH |
||
| 050 | _aPZ8.S453 A | ||
| 082 | _a398.2 | ||
| 100 | _aSeeger, Pete | ||
| 245 |
_aAbiyoyo / _cPete Seeger's Storysong : illustrations by Michaels Hays |
||
| 250 | _aFirst Scholastic printing, September 1989 | ||
| 260 |
_aNew York : _bScholstic , _c1963, 1964, 1986. |
||
| 300 |
_a48 unnumbered pages : _bcolor illustrations ; _c23 cm . |
||
| 505 | _aI | ||
| 520 | _aBanished from the town for making mischief, a little boy and his father are welcomed back when they find a way to make the dreaded giant Abiyoyo disappear. | ||
| 521 | 8 |
_a470
_bLexile AD |
|
| 521 | 8 |
_aI
_bRaz-Plus |
|
| 650 |
_aMulticultural _vFiction |
||
| 650 |
_aSouth Africa _vFiction |
||
| 700 |
_aHays, Michael _eIllustrator |
||
| 942 |
_2ddc _cBK _n0 |
||
| 999 |
_c7643 _d7643 |
||